ბათუმის შოთა რუსთაველის სახელმწიფო უნივერსიტეტის ბიბლიოთეკა

Основы земледелия (ბიბ.ჩანაწერი № 45642)

000 -LEADER
fixed length control field 00517nam a2200193Ia 4500
001 - CONTROL NUMBER
control field 12468
003 - CONTROL NUMBER IDENTIFIER
control field GE_BSU
008 - FIXED-LENGTH DATA ELEMENTS--GENERAL INFORMATION
fixed length control field 181216s||||||||xx |||||||||||||| ||und||
040 ## - CATALOGING SOURCE
Transcribing agency GE_BSU
080 ## - UNIVERSAL DECIMAL CLASSIFICATION NUMBER
Universal Decimal Classification number 631.1(075.32)
100 ## - MAIN ENTRY--PERSONAL NAME
Personal name Прокошев,В.Н.;Глумов,Г.А.;Гоганов,А.В.
245 ## - TITLE STATEMENT
Title Основы земледелия
260 ## - PUBLICATION, DISTRIBUTION, ETC.
Place of publication, distribution, etc. Москва
260 ## - PUBLICATION, DISTRIBUTION, ETC.
Name of publisher, distributor, etc. Колос
260 ## - PUBLICATION, DISTRIBUTION, ETC.
Date of publication, distribution, etc. 1966
300 ## - PHYSICAL DESCRIPTION
Extent 415стр.илл.22см.
653 ## - INDEX TERM--UNCONTROLLED
Uncontrolled term Основы земледелия
942 ## - ADDED ENTRY ELEMENTS (KOHA)
Koha item type წიგნი
ეგზემპლარები
Withdrawn status Lost status Damaged status Not for loan Date acquired Barcode Date last seen Price effective from Koha item type
        2018-12-17 20711 2018-12-17 2018-12-17 წიგნი